| 000 | 00497nam a2200169 a 4500 | ||
|---|---|---|---|
| 001 | 000036390 | ||
| 005 | 20200930075714.0 | ||
| 008 | 120116s1984 sp ad 000 0 spa d | ||
| 020 | _a8475920470 | ||
| 040 |
_aDO-SdBNP _bspa _cBNPHU |
||
| 082 |
_axxxx _bP226 |
||
| 100 | 1 |
_aPardell Alenta, H. _962587 |
|
| 245 | 1 | 3 |
_aLo fundamental en hipertensión / _cH. Pardell Alenta. |
| 260 |
_aBarcelona : _bDoyma, _c1984. |
||
| 300 |
_a79 p. : _bil., diagrs. ; _c21 cm. |
||
| 500 | _aSegunda reimpresión, 1987. | ||
| 999 |
_c35881 _d35881 |
||